000 00581nam a2200205 i 4500
001 123627
003 ES-MaACL
005 20230906192218.0
007 t|
008 070214s1911 fr r ||||1| fre d
100 1 _aRaibaud, Jules.
_995018
245 1 0 _aTechnique de l'aƩroplane /
_cpar Jules Raibaud.
260 _aParis :
_bOctave Doin et Fils,
_c1911.
300 _aXXII, 275, XII p. ;
_c18 cm.
490 1 _aEncyclopedie Scientifique
650 0 4 _aAviones.
_910454
830 0 _aEncyclopedie Scientifique
_9180883
852 _aES-MaACL
_jD-4398
999 _c123627
_d123627